000 00590nam a2200217Ia 4500
005 20250508170234.0
008 008 250505s9999 xx 000 0 eng d
020 _a978-1-5297-7443-6
037 _aReference
040 _aFEDL
_beng
_cFEDL
041 _aeng
_2eng
084 _a372.7, HAN/RR
_qFEDL
100 _aHansen Alice Ed.
_9783583
245 0 _aChildren's errors in mathematics
250 _a5
260 _aLondon, UK
_bLearning Matters
_c2020
300 _axiv, 318p.
365 _aGBP
_b24.99
942 _cREF
_h372.7, HAN/RR
999 _c1399978
_d1399978